Ökonomisches Lexikon

Salvato in:
Dettagli Bibliografici
Natura: Libro
Lingua:tedesco
Pubblicazione: Berlin Wirtschaft 1978
Edizione:3. neubearb. Aufl.
Tags: Aggiungi Tag
Nessun Tag, puoi essere il primo ad aggiungerne!!

MARC

LEADER 00000nam a2200000 4500
001 c119465
005 20041019155214.2
041 0 |a ger 
044 |a DE 
245 1 0 |a Ökonomisches Lexikon 
250 |a 3. neubearb. Aufl. 
264 1 |a Berlin  |b Wirtschaft  |c 1978 
300 |a 837 s.